|
|
|
|
| LEADER |
00000nam0a2200000 4500 |
| 001 |
349573 |
| 005 |
20231101040158.0 |
| 010 |
|
|
|a 5710701548
|
| 035 |
|
|
|a (RuTPU)RU\TPU\retro\2261
|
| 035 |
|
|
|a RU\TPU\book\312193
|
| 090 |
|
|
|a 349573
|
| 100 |
|
|
|a 20180705d1983 m y0rusy50 ca
|
| 101 |
0 |
|
|a rus
|
| 102 |
|
|
|a RU
|
| 105 |
|
|
|a a z 000by
|
| 200 |
1 |
|
|a Ирония судьбы, или с легким паром
|e киноповести
|f Э. В. Брагинский, Э. А. Рязанов
|
| 210 |
|
|
|a Москва
|c Дрофа
|c Лирус
|d 1993
|
| 215 |
|
|
|a 541 с.
|c ил.
|
| 225 |
1 |
|
|a Кинороман
|
| 464 |
|
|
|t Ирония судьбы, или с легким паром; Старики-разбойники; "О бедном гусаре замолвите слово..."; Зигзаг удачи; Почти смешная история; Гараж; Берегись автомобиля
|o пьесы
|
| 610 |
1 |
|
|a драматургия
|
| 610 |
1 |
|
|a комедии
|
| 610 |
1 |
|
|a пьесы
|
| 610 |
1 |
|
|a театр
|
| 675 |
|
|
|a Р2
|v 4
|
| 700 |
|
1 |
|a Брагинский
|b Э. В.
|g Эмиль Вениаминович
|4 070
|
| 701 |
|
1 |
|a Рязанов
|b Э. А.
|c кинорежиссёр, сценарист, актёр, поэт, автор текстов песен
|c народный артист СССР (1984)
|c лауреат Государственной премии СССР (1977)
|f 1927-
|g Эльдар Александрович
|2 stltpush
|3 (RuTPU)RU\TPU\pers\18018
|4 070
|
| 702 |
|
1 |
|a Иванова
|b М. В.
|4 340
|
| 801 |
|
1 |
|a RU
|b 63413507
|c 20150319
|
| 801 |
|
2 |
|a RU
|b 63413507
|c 20221122
|g RCR
|
| 942 |
|
|
|c BK
|